[Event "ISR-chT 2018"]
[Site "Israel"]
[Date "2018.02.23"]
[Round "9"]
[White "Deutsch, Eyal"]
[Black "Kaplivatski, Alexander"]
[Result "1/2-1/2"]
[WhiteElo "2358"]
[BlackElo "2210"]
[Annotator "TA"]
[PlyCount "41"]
[EventDate "2018.??.??"]
[EventType "team-tourn"]
[EventCountry "ISR"]
[SourceTitle "playchess.com"]
[Source "ChessBase"]
[SourceQuality "1"]

{[%evp 9,41,15,16,18,10,18,12,10,63,-31,54,55,59,59,58,50,65,47,62,54,52,50,42,26,72,87,88,0,70,95,95,0,55,18]} 1. Nf3 Nf6 2. b3 d6 3. d4 Bf5 4. Bb2 Nbd7 (4... h6 5. e3 c6 6. Bd3 Bxd3 7. Qxd3 d5 8. Nbd2 e6 9. O-O Qa5 10. Ne5 Bb4 11. c3 Be7 12. f4 {1-0 (22) Demuth,A (2540)-Duboue,P (2403) Agen 2017}) 5. g3 c6 6. Bg2 {A46: 1 d4 Nf6 2 Nf3 e6: Torre, London and Colle Systems} e6 $146 ({Find the theoretical novelty and annotate with similar games:} 6... Qc7 7. Nh4 Bg6 8. Nd2 e5 9. O-O Be7 10. a4 O-O 11. Nxg6 hxg6 12. e4 {1-0 (31) Kaliadzich,M (2103)-Borisova,P (1804) Moscow 2017}) 7. Nh4 Be4 8. f3 {[#]The position is equal.} Bg6 (8... Bxc2 $1 $11 {[%mdl 512]} 9. Qxc2 g5) 9. e4 (9. Nxg6 $14 hxg6 10. e4) 9... Be7 ({Black should try} 9... Bh5 $1 $15) 10. Nxg6 $14 hxg6 11. Nd2 Qc7 12. Qe2 O-O-O 13. c4 e5 14. d5 Qb6 15. Bc3 Kb8 16. a4 Rc8 17. a5 Qc7 {With the idea ...cxd5.} 18. a6 (18. dxc6 $16 bxc6 19. b4) 18... b6 (18... cxd5 $11 19. axb7 Qxb7) 19. dxc6 Qxc6 20. Bb4 (20. O-O $16) 20... Nc5 ({Better is} 20... Rh7 $11) 21. Ra3 {Precision: White = 49%, Black = 42%.} 1/2-1/2

[Event "ISR-chT 2018"]
[Site "Israel"]
[Date "2018.02.23"]
[Round "9"]
[White "Grinshpun, Eduard"]
[Black "Shohat, Yotam"]
[Result "1/2-1/2"]
[WhiteElo "2350"]
[BlackElo "2172"]
[Annotator "TA"]
[PlyCount "40"]
[EventDate "2018.??.??"]
[EventType "team-tourn"]
[EventCountry "ISR"]
[SourceTitle "playchess.com"]
[Source "ChessBase"]
[SourceQuality "1"]

{[%evp 18,23,30,22,50,43,47,44]} 1. Nf3 Nf6 2. c4 c5 3. Nc3 Nc6 4. d4 cxd4 5. Nxd4 g6 6. e4 d6 7. Be2 Nxd4 8. Qxd4 Bg7 9. Bg5 O-O 10. Qd2 a5 {B36: Sicilian: Maroczy Bind: Gurgenidze System} 11. O-O a4 12. Rac1 {Predecessor:} Be6 $146 13. Rfe1 Qa5 14. Bf1 Rfc8 15. b3 axb3 16. axb3 Qb4 17. Nd5 Qxd2 18. Bxd2 Bxd5 19. exd5 Kf8 20. Bc3 Ra3 {½-½ (67) Andreikin,D (2712)-Mamedov,R (2709) Huaian 2017} 1/2-1/2

[Event "ISR-chT 2018"]
[Site "Israel"]
[Date "2018.02.23"]
[Round "9"]
[White "Bronstein, Or"]
[Black "Berenboym, Igor"]
[Result "1-0"]
[WhiteElo "2346"]
[BlackElo "2122"]
[Annotator "TA"]
[PlyCount "65"]
[EventDate "2018.??.??"]
[EventType "team-tourn"]
[EventCountry "ISR"]
[SourceTitle "playchess.com"]
[Source "ChessBase"]
[SourceQuality "1"]

{[%evp 16,65,87,80,118,102,111,110,110,111,110,109,111,91,106,110,100,102,109,109,135,117,173,165,165,176,181,157,201,189,238,237,395,283,281,274,460,466,472,465,453,449,502,495,768,752,790,764,758,751,675,640]} 1. d4 Nf6 2. c4 e6 3. g3 d5 4. Bg2 Nbd7 5. Nf3 Bb4+ 6. Bd2 Bxd2+ 7. Nbxd2 dxc4 8. Nxc4 O-O 9. O-O c5 {E04: Open Catalan: 5 Nf3} (9... Nb6 10. Qc2 c6 11. Rfd1 Nxc4 12. Qxc4 Qb6 13. b4 a5 14. bxa5 Rxa5 15. a4 Qa6 16. Ne5 Nd7 17. Qxa6 Rxa6 {1-0 (74) Maslik,M (2259)-Veselsky,J (2249) Slovakia 2006}) 10. Rc1 cxd4 $146 ({Find the theoretical novelty and annotate with similar games:} 10... Qe7 11. dxc5 Nxc5 12. Qd6 Qxd6 13. Nxd6 Nce4 14. Nxe4 Nxe4 15. Ne5 f5 16. Bxe4 fxe4 17. Rfd1 {1-0 (55) Krasenkova,I (2133)-Van Wageningen,A (2036) Hoogeveen 2013}) 11. Qxd4 Nb6 {White is better.} 12. Rfd1 {[%cal Bf1d1,Bd1d4,Bd4c4][%mdl 32]} Qxd4 13. Rxd4 Nxc4 14. Rdxc4 Rb8 15. Ne5 Nd5 16. Rd4 f6 17. Nc4 b5 18. Na5 Rb6 (18... Re8 $16 19. Rdd1 a6) 19. e4 $18 Ne7 20. Rc7 e5 21. Rd2 Kf7 22. Rxa7 Be6 23. Nb7 Rc6 $2 {[#]} (23... Nc6 {was called for.} 24. Nd8+ Ke8) 24. f4 {[%cal Bf2f4,Bf4f5][%mdl 32]} ({Weaker is} 24. Nd6+ Kg8 $18) 24... Rc1+ 25. Kf2 Nc6 $2 (25... Nc8) 26. Nd8+ {White is clearly winning.} Kg8 27. Rc7 ({Less strong is} 27. Nxe6 Nxa7 28. Nxf8 Kxf8 $16) 27... Nxd8 28. Rxc1 Bxa2 29. f5 Bf7 (29... Bc4 $142 30. Bf1 Bxf1 31. Kxf1 Nf7) 30. Bf1 b4 31. Ba6 Bb3 32. Bc4+ Bxc4 33. Rxc4 {Precision: White = 96%, Black = 57%.} 1-0

[Event "ISR-chT 2018"]
[Site "Israel"]
[Date "2018.02.23"]
[Round "9"]
[White "Galburd, Yan"]
[Black "Huzman, Alexander"]
[Result "0-1"]
[WhiteElo "2338"]
[BlackElo "2564"]
[Annotator "TA"]
[PlyCount "80"]
[EventDate "2018.??.??"]
[EventType "team-tourn"]
[EventCountry "ISR"]
[SourceTitle "playchess.com"]
[Source "ChessBase"]
[SourceQuality "1"]

{[%evp 9,80,-16,-6,-15,-13,-15,-17,-5,-1,-14,10,0,0,0,0,0,0,-23,-19,-24,-5,-7,-7,-7,0,0,0,0,0,0,0,0,0,0,8,0,27,22,33,22,36,-4,44,36,59,14,4,0,0,0,-4,-60,-62,-94,-105,-143,-121,-126,-55,-55,-42,-34,-37,-156,-72,-548,-551,-29985,-60,-29986,-29987,-29981,-29982]} 1. Nf3 d5 2. b3 c5 3. Bb2 f6 4. d4 (4. Nc3 Nc6 5. d4 cxd4 6. Nxd4 e5 7. Nxc6 bxc6 8. e4 Be6 9. Bd3 Bd6 10. Qh5+ g6 11. Qf3 d4 {½-½ (92) Nakamura,H (2792)-Caruana,F (2807) Saint Louis 2017}) 4... cxd4 5. Nxd4 e5 6. Nf3 $1 {A06: Réti Opening:1 Nf3 d5} Nc6 7. e3 Be6 8. Nbd2 {The position is equal.} Bc5 9. a3 a5 $146 ({Find the theoretical novelty and annotate with similar games:} 9... Nge7 10. b4 Bb6 11. c4 e4 {0-1 (43) Sosa Harrison,J (2254)-Kropff,R (2298) Asuncion 2009}) 10. Bb5 Nge7 11. c4 O-O 12. cxd5 Nxd5 13. Ne4 Be7 14. Bc4 Nc7 15. Qe2 Bxc4 16. Qxc4+ Qd5 17. Qxd5+ Nxd5 18. Ke2 Rfd8 19. g4 Kf7 20. Rac1 Rac8 21. Rhd1 Ke6 22. Nfd2 b6 23. a4 g6 24. Nc4 Ncb4 25. Nc3 Bc5 26. Nxd5 Nxd5 27. h4 (27. g5 $5) 27... e4 28. h5 gxh5 29. gxh5 Nb4 30. Ba3 (30. Rxd8 $11 Rxd8 31. Rg1) 30... Nd3 $15 31. Ra1 Bxa3 32. Rxa3 Rc5 33. Raa1 {[#]} Rxh5 (33... Rf5 $1 $17 {[%csl Gd3][%cal Rf5f2]} 34. Rf1 Rxh5) 34. Rh1 $1 {[%cal Rh1h5]} Rf5 $36 {[%mdl 2048] Black is pushing.} 35. Raf1 h5 36. f3 {[#]} ({Better is} 36. Rh4 $1 $15) 36... Nc5 (36... Rg5 $142 $1 {[%cal Rg5g2]} 37. Rh2 exf3+ 38. Kxf3 Nc5) 37. Nxb6 $2 {[%mdl 8192]} (37. fxe4 $17 Rxf1 38. Rxf1) 37... Nxb3 $19 {( -> ...Rd2+)} 38. fxe4 Rd2+ 39. Ke1 Rc5 {[%cal Rc5c1]} 40. Rxf6+ Kxf6 {Precision: White = 49%, Black = 65%.} 0-1

[Event "ISR-chT 2018"]
[Site "Israel"]
[Date "2018.02.23"]
[Round "9"]
[White "Gelfer, Israel"]
[Black "Grinberg, Eyal"]
[Result "0-1"]
[WhiteElo "2330"]
[BlackElo "2451"]
[Annotator "TA"]
[PlyCount "52"]
[EventDate "2018.??.??"]
[EventType "team-tourn"]
[EventCountry "ISR"]
[SourceTitle "playchess.com"]
[Source "ChessBase"]
[SourceQuality "1"]

{[%evp 18,52,5,4,13,12,12,0,0,-5,0,0,0,-14,-3,-72,-59,-66,-79,-95,-75,-104,-108,-232,-226,-279,-273,-262,-262,-239,-218,-370,-355,-327,-360,-605,-599]} 1. d4 Nf6 2. c4 e6 3. Nf3 b6 4. g3 Bb7 5. Bg2 g6 6. O-O Bg7 7. Nc3 Ne4 {E16: Queen's Indian: 4 g3 Bb7 5 Bg2 Bb4+} 8. Bd2 O-O 9. Qc2 (9. Rc1 c5 10. d5 exd5 11. cxd5 Nxd2 12. Nxd2 d6 13. Nc4 Ba6 14. b3 b5 15. Nd2 {0-1 (29) So,W (2815)-Carlsen,M (2832) chess.com INT 2017}) 9... Nxd2 10. Qxd2 {LiveBook: 6 Games} Re8 $146 ({Predecessor:} 10... d6 11. e4 Nd7 12. d5 Qe7 13. Nd4 a5 14. dxe6 fxe6 15. Bh3 Ne5 {0-1 (44) Lubczynski,R (2429)-Chigaev,M (2555) Katowice 2017}) 11. e4 d6 12. d5 Nd7 13. Nd4 Ne5 14. b3 c5 15. Nde2 exd5 16. exd5 (16. Nxd5 $11 {remains equal.} Rb8 17. Rad1) 16... Bc8 $17 17. Kh1 Bf5 18. h3 {[#]} h5 $1 19. f4 Nd3 {[%cal Be5d3,Bd3b4,Bb4c2,Bc2e3][%mdl 32]} 20. Nc1 (20. Rf3 $17) 20... Nb4 21. a3 Nc2 22. Ra2 Ne3 23. Re1 Nxg2 24. Rxe8+ $2 {[#]} (24. Kxg2 Qd7 25. h4) 24... Qxe8 $19 25. Kxg2 Qd7 26. h4 $2 (26. Kh2 Bxh3 27. Ne4) 26... Bh3+ {Precision: White = 23%, Black = 79%.} 0-1

[Event "ISR-chT 2018"]
[Site "Israel"]
[Date "2018.02.23"]
[Round "9"]
[White "Zhizmer, Yuri"]
[Black "Bykhovsky, Avigdor"]
[Result "0-1"]
[WhiteElo "2309"]
[BlackElo "2421"]
[Annotator "TA"]
[PlyCount "92"]
[EventDate "2018.??.??"]
[EventType "team-tourn"]
[EventCountry "ISR"]
[SourceTitle "playchess.com"]
[Source "ChessBase"]
[SourceQuality "1"]

{[%evp 21,92,13,17,4,25,22,26,26,56,39,43,33,45,34,66,32,32,21,29,28,27,22,23,20,109,0,0,-12,-9,-18,-15,-15,0,0,0,0,0,0,0,0,0,-16,-14,-22,-20,-17,-14,-75,-74,-133,-64,-73,-19,-154,-163,-683,-184,-572,-297,-508,-508,-508,-508,-508,-508,-508,-508,-501,-501,-567,-560,-903,-881]} 1. d4 Nf6 2. Nf3 d6 3. h3 Nbd7 4. Bf4 c5 5. c3 b6 6. e3 Bb7 7. Be2 g6 8. O-O Bg7 9. Nbd2 O-O 10. a4 a6 11. Bh2 Qc7 12. Bd3 {A48: 1 d4 Nf6 2 Nf3 g6: Torre, London and Colle Systems} (12. Qb3 Bc6 13. c4 e6 14. Rfd1 Rfd8 15. Rac1 Rab8 16. Nb1 Ne4 17. d5 exd5 18. cxd5 Bb7 19. Nfd2 Nxd2 20. Rxd2 {0-1 (55) Bruzon Batista,L (2698)-Radjabov,T (2733) Tromsoe 2013}) 12... e5 13. dxe5 dxe5 14. Qe2 $146 {White has an edge.} ({Predecessor:} 14. Re1 Rae8 15. Qe2 Qc8 16. e4 Nh5 17. Bc4 Nf4 18. Qf1 Qa8 {0-1 (31) Svaljek,R (2115)-Raguz,I (2035) Porec 1994}) 14... Qc6 15. e4 Rfe8 16. Rfe1 h6 17. Nc4 {[%cal Rf3e5,Bd2c4,Bc4e3,Be3d5][%mdl 32]} Nh5 18. Ne3 Nf4 19. Bxf4 exf4 20. Nd5 Nf6 21. c4 g5 22. Qc2 Rab8 (22... Nd7 $11) 23. Rad1 (23. e5 $1 $16 {[%cal Re5f6]} Nxd5 24. cxd5 Qxd5 25. Rad1) 23... Nd7 $11 24. e5 Nxe5 25. Nxe5 Bxe5 26. Be4 {Hoping for Ne7+!} Qd6 {[#]} 27. Nxf4 $1 {[%mdl 512]} Bxe4 (27... Bxf4 28. Rxd6) 28. Rxe4 Bd4 29. Nd5 b5 30. axb5 axb5 31. b3 bxc4 32. bxc4 Rxe4 33. Qxe4 Rb2 34. Rf1 (34. Ne3 $11 {keeps the balance.}) 34... Qe6 $1 $17 {[%cal Re6e4]} 35. Qf3 {[#]} (35. Qxe6 $142 fxe6 36. Ne3) 35... Qe2 (35... Rxf2 $1 $17 {[%mdl 512]} 36. Rxf2 Qe1+ 37. Kh2 Bxf2 38. Nf6+ Kh8 39. Qa8+ Kg7 40. Nh5+ Kh7 41. Qe4+ Qxe4 42. Nf6+ Kg6 43. Nxe4 Bd4) 36. Qf5 Kg7 (36... Ra2 $17) 37. Nc7 (37. Ne3 $1 $11 {remains equal.}) 37... Rd2 38. g4 $2 (38. Nd5) 38... Qxc4 $2 (38... Rd3 39. Ne8+ Kf8) 39. Qc8 $2 (39. Kg2) 39... Qb3 40. Ne8+ $2 (40. Kg2) 40... Kh7 $19 {Black is clearly winning.} 41. Qf5+ Kg8 42. Kg2 Qb7+ 43. Qf3 Qxf3+ 44. Kxf3 {[#]} Be5 $1 45. Ke4 f6 46. h4 Rd4+ {Precision: White = 25%, Black = 48%.} 0-1

[Event "ISR-chT 2018"]
[Site "Israel"]
[Date "2018.02.23"]
[Round "9"]
[White "Tifferet, Shaked"]
[Black "Steinberg, Nitzan"]
[Result "0-1"]
[WhiteElo "2284"]
[BlackElo "2512"]
[Annotator "TA"]
[PlyCount "66"]
[EventDate "2018.??.??"]
[EventType "team-tourn"]
[EventCountry "ISR"]
[SourceTitle "playchess.com"]
[Source "ChessBase"]
[SourceQuality "1"]

{[%evp 25,66,-39,-35,-46,-18,-38,-40,-76,-12,-24,-33,-56,-49,-42,-21,-27,-12,-14,-25,-64,-58,-164,-177,-186,-185,-165,-174,-167,-182,-233,-217,-251,-247,-1068,-999,-1751,-1750,-1569,-1459,-29988,-29989,-29989,-29990]} 1. e4 c5 2. Nf3 d6 3. d4 cxd4 4. Nxd4 Nf6 5. Nc3 a6 6. Be2 e6 7. Be3 Qc7 8. f4 b5 9. a3 Bb7 10. Bf3 Nbd7 11. Nb3 {B84: Sicilian Scheveningen: 6 Be2 a6, lines without early Be3} Rc8 12. O-O Be7 13. Kh1 (13. Qe2 O-O 14. g4 d5 15. exd5 Nxd5 16. Nxd5 Bxd5 17. Bxd5 exd5 18. c3 Rfe8 19. Qf3 Nf6 20. Nd2 Bc5 21. Bxc5 Qxc5+ {½-½ (56) Atabayev,Y (2473)-Jakovenko,D (2704) Doha 2016}) 13... O-O {LiveBook: 4 Games} 14. Qe2 Rfe8 15. Qf2 Qb8 $146 ({Predecessor:} 15... Bf8 16. Rad1 Qb8 17. Rfe1 Rxc3 18. bxc3 Nxe4 19. Bxe4 Bxe4 {0-1 (34) Franco Valencia,A (2121)-Benitez Rodriguez,C (2160) Medellin 2011}) 16. Rae1 {[#]} e5 ({Better is} 16... Rxc3 $1 $17 {[%mdl 512]} 17. bxc3 Nxe4) 17. fxe5 dxe5 {[%cal Bd6e5,Be5e4,Be4d3][%mdl 32]} 18. Nd5 Bxd5 19. exd5 Qc7 20. c3 e4 21. Bd1 Ne5 {Threatens to win with ...Nd3.} 22. Bf4 Bd6 $36 {[%mdl 2048] Hoping for ...Nd3. Black fights for an advantage.} 23. Bc2 ({White should try} 23. Bxe5 $15 Rxe5 24. Nd4) 23... Nd3 $1 $19 {[%cal Rd3f2]} ({Of course not} 23... Nxd5 $6 24. Bxe4 Nxf4 25. Qxf4 $11) 24. Bxd3 exd3 25. Bxd6 Qxd6 26. Nd4 Qxd5 27. Nf5 (27. Rd1 {keeps fighting.}) 27... Ne4 28. Qf3 {intending Rxe4!} Rc6 ({And not} 28... d2 {[#]} 29. Rxe4 $1 {[%mdl 512]} Qxe4 30. Nh6+ $1 {[%mdl 512]} gxh6 31. Qxf7+ Kh8 32. Qf6+ Kg8 33. Qf7+ Kh8 34. Qf6+ Kg8 35. Qf7+ $11) 29. Rxe4 $2 (29. Nd4 Rg6 30. Kg1) 29... Qxe4 30. Qg3 Rg6 31. Qf2 Qe2 32. Nh6+ gxh6 33. Qxf7+ Kh8 {Precision: White = 20%, Black = 68%.} 0-1

[Event "ISR-chT 2018"]
[Site "Israel"]
[Date "2018.02.23"]
[Round "9"]
[White "Aharonovich, Itamar"]
[Black "Botvinnik, Mikhail"]
[Result "1/2-1/2"]
[WhiteElo "2279"]
[BlackElo "2378"]
[Annotator "TA"]
[PlyCount "97"]
[EventDate "2018.??.??"]
[EventType "team-tourn"]
[EventCountry "ISR"]
[SourceTitle "playchess.com"]
[Source "ChessBase"]
[SourceQuality "1"]

{[%evp 9,96,32,44,24,31,18,31,23,68,59,47,45,39,36,62,53,35,36,41,40,66,67,51,0,-8,0,0,0,164,154,207,218,183,39,44,43,31,0,98,82,259,112,115,108,100,109,101,90,112,151,152,41,75,41,302,278,275,215,323,323,286,292,324,265,418,416,447,427,639,639,638,635,626,597,457,0,0,0,0,0,0,0,0,0,0,0,0,0,661]} 1. d4 d5 2. c4 dxc4 3. Nf3 Nf6 4. e3 b5 5. a4 b4 6. Bxc4 {D25: Queen's Gambit Accepted: 4 e3: sidelines and 4...Bg4} e6 7. O-O Bb7 (7... Be7 8. Qe2 O-O 9. b3 Bb7 10. Bb2 Nbd7 11. Nbd2 c5 12. Rac1 Rc8 {½-½ (27) Bu,X (2730)-Inarkiev,E (2689) Riadh 2017}) 8. Qe2 {White is slightly better.} a6 9. Nbd2 Nbd7 $146 ({Predecessor:} 9... c5 10. Rd1 Nbd7 11. Bd3 Be7 12. a5 Qc7 {½-½ (25) Infante Guerrero,M (2277)-Pina Vega,S (2296) San Sebastian 2015}) 10. e4 Be7 11. e5 Nd5 12. Ne4 O-O 13. Bg5 Bxg5 14. Nexg5 c5 15. Qe4 {[%csl Gg5][%cal Re4h7]} g6 16. Rfd1 (16. Qh4 $14 h5 17. Rac1) 16... Kg7 $1 $11 17. Qg4 (17. Qh4 h6 $17) 17... Rc8 18. Rac1 (18. a5 {feels hotter.} cxd4 19. Nxd4 Re8 20. Bb3 h6 21. Ngf3) 18... N7b6 $2 (18... h6 $11 19. Ne4 cxd4) 19. Bxd5 $1 $18 Qxd5 (19... h5 $16 {might work better.} 20. Qh4 Nxd5) 20. dxc5 Rxc5 21. Qxb4 ({Stronger than} 21. Qf4 Rxc1 22. Qxc1 (22. Rxc1 h6 $17) 22... Rc8 $17) (21. Qh4 $1 $18 {[%csl Gg5][%cal Rh4h7]} h6 22. Nxe6+ (22. Qxb4 Rxc1 23. Rxc1 Nd7 $17) 22... fxe6 23. Qe7+ Rf7 24. Qxc5 Qxc5 25. Rxc5) 21... Rxc1 $1 $14 22. Rxc1 $40 {[%mdl 128] White attacks.} Rc8 23. Re1 Qc5 (23... Qd8 $1 $11 {keeps the balance.}) 24. Qh4 $1 $16 {[%cal Rh4h7]} h6 $2 {[#]} (24... h5 $16) 25. Nxf7 (25. Nxe6+ $1 $18 {[%mdl 512] is the precise move to win.} fxe6 26. Qf6+ Kh7 27. Qf7+ Kh8 28. Qxb7 (28. Nh4 Be4 $14)) 25... Kxf7 26. Qf6+ ({Much worse is} 26. Qxh6 $6 Bxf3 27. Qh7+ (27. gxf3 $2 Qf8 $19) 27... Kf8 $11) 26... Ke8 27. Qxe6+ Kd8 28. Qxg6 Kc7 29. e6 Nd5 30. e7 ({White should play} 30. Qxh6 $16 Kb8 31. Qd2) 30... Nxe7 $14 31. Qf7 Kb8 $2 {[%mdl 8192]} (31... Kd7 $1 $14) 32. Qxe7 Qxe7 33. Rxe7 $18 {[%mdl 4096] Endgame KRB-KRN} Rc1+ (33... Rc2 $142 34. h4 Rxb2) 34. Re1 Rc2 35. b3 Kc7 36. Nd4 Rb2 (36... Rd2 {was worth a try.}) 37. h4 Rd2 38. Re7+ Kb6 (38... Kc8 $142 39. Nf5 Bd5) 39. a5+ Kxa5 40. Rxb7 {[%cal Rd4c6]} Rxd4 {KR-KR} 41. g3 h5 {[#] Black hopes to continue with ...Rd1+.} 42. f4 $2 (42. b4+ $1 $18 Ka4 (42... Rxb4 43. Rxb4) 43. Rb6) 42... Rd1+ $1 $11 43. Kf2 {And now b4+ would win.} Rf1+ 44. Ke3 {aiming for Rh7.} Rf3+ 45. Kd4 {Black must now prevent Rh7.} Rxf4+ 46. Kc3 Rf3+ 47. Kb2 Rf2+ 48. Ka3 $2 {[%mdl 8192]} (48. Kc1) 48... Ra2+ $1 49. Kxa2 {Precision: White = 50%, Black = 56%.} 1/2-1/2

[Event "ISR-chT 2018"]
[Site "Israel"]
[Date "2018.02.23"]
[Round "9"]
[White "Cohen Revivo, Shoham"]
[Black "Baron, Tal"]
[Result "1-0"]
[WhiteElo "2197"]
[BlackElo "2548"]
[Annotator "TA"]
[PlyCount "107"]
[EventDate "2018.??.??"]
[EventType "team-tourn"]
[EventCountry "ISR"]
[SourceTitle "playchess.com"]
[Source "ChessBase"]
[SourceQuality "1"]

{[%evp 21,107,28,28,26,20,23,25,34,45,46,46,50,55,40,41,41,178,180,185,218,264,266,230,70,89,63,38,0,0,0,0,0,89,82,74,61,87,68,77,86,70,40,40,40,40,40,63,55,164,162,130,130,104,0,806,720,10581,29941,29950,10680,29991,29992,29996,6785,6744,6913,5497,2515,29973,29968,29974,29975,29977,29978,29982,29983,29983,29980,29980,29981,29981,29982,29982,29983,29982,29983,29983,29984]} 1. e4 e6 2. d4 d5 3. e5 c5 4. c3 Nc6 5. Nf3 Qb6 6. Be2 cxd4 7. cxd4 Nge7 8. Na3 Nf5 9. Nc2 Bb4+ 10. Kf1 Be7 11. h4 h5 {LiveBook: 14 Games. C02: French: Advance Variation} 12. g3 (12. b4 Bd7 13. a3 Rc8 14. g3 a6 15. Kg2 Na7 16. Ne3 Nxe3+ 17. Bxe3 Bb5 18. Ng5 Bxe2 19. Qxe2 {1-0 (42) Kupreichik,V (2405)-Vaisser,A (2531) Katerini 2014}) 12... Bd7 13. Kg2 a5 $146 {White has an edge.} ({Predecessor:} 13... Rc8 14. Bd2 a5 15. Bc3 Nb4 16. Ne3 Nxe3+ 17. fxe3 Bb5 18. a3 Bxe2 19. Qxe2 {0-1 (48) Vasiukov,E-Suetin,A Erevan (Armenia) 1954}) 14. Bd3 Nh6 (14... Nfxd4 $2 15. Ncxd4 Nxd4 16. Be3 $18) 15. Bxh6 Rxh6 16. Qd2 O-O-O 17. a4 Rhh8 18. Bb5 Na7 (18... Kb8 $14) 19. b4 $1 $18 axb4 20. Nxb4 Nxb5 21. axb5 Bxb5 22. Rab1 $2 (22. Rhb1 $1 $18) 22... Qc7 $14 23. Rhc1 Bc4 24. Qc3 Kd7 25. Nd2 {[%cal Rd2c4]} b5 26. Nxc4 bxc4 (26... dxc4 $11 27. Qf3 Ke8) 27. Na6 $1 $16 {[%cal Ra6c7]} Qc6 {[#]} 28. Qa5 $1 $36 {[%mdl 3072] White has strong compensation. White has some pressure.} Ra8 29. Rb6 Bd8 {[#]} 30. Rcb1 $1 Bc7 (30... Bxb6 $2 31. Rxb6 Rxa6 32. Rxa6 $18) 31. Nc5+ Ke7 32. Rxc6 Bxa5 ({And not} 32... Rxa5 33. Rxc7+ Kd8 34. Rxf7 Rxc5 35. dxc5 Kc8 36. Ra1 Kb8 37. c6 Rh7 38. Rb7+ Kc8 39. Ra8#) 33. Rb7+ Kf8 {White should prevent ...Kg8.} 34. Rd6 $1 {[%cal Rd6d7] Hoping for Rdd7.} Rh6 (34... c3 $14) 35. Rdd7 $18 Kg8 36. Rxf7 Rg6 37. Nxe6 (37. Rfe7 $16 c3 38. Rb1 (38. Rxe6 $2 Rxe6 39. Rb1 Rc6 $19) (38. Nxe6 c2 $11)) 37... c3 $2 {[%mdl 8192]} (37... Rxe6 $11 38. Rxg7+ Kh8) 38. Nf4 Rg4 39. f3 Rxf4 40. Rxg7+ Kf8 41. gxf4 {[%mdl 4096] Endgame KRR-KRB} c2 42. Rgf7+ (42. Rbf7+ $142 Ke8 43. e6 Bb4 44. Rg8+ Bf8 45. Rgxf8#) 42... Kg8 {[#]} 43. Rfc7 $1 Bxc7 44. Rxc7 {KR-KR} Ra4 45. Rxc2 {White mates.} Rxd4 46. Kg3 Rd1 47. f5 d4 48. e6 Re1 49. Rd2 Kg7 50. Rxd4 Kf6 51. Re4 Rg1+ 52. Kf4 Rh1 53. Ke3 Ke7 54. Kf2 {Precision: White = 76%, Black = 41%.} 1-0

[Event "ISR-chT 2018"]
[Site "Israel"]
[Date "2018.02.23"]
[Round "9"]
[White "Frenkel, Ran"]
[Black "Mesropov, Konstantin"]
[Result "1/2-1/2"]
[WhiteElo "2188"]
[BlackElo "2425"]
[Annotator "TA"]
[PlyCount "53"]
[EventDate "2018.??.??"]
[EventType "team-tourn"]
[EventCountry "ISR"]
[SourceTitle "playchess.com"]
[Source "ChessBase"]
[SourceQuality "1"]

{[%evp 11,53,40,40,16,27,1,33,38,56,54,68,69,97,97,112,47,52,48,54,46,49,38,42,16,68,63,75,64,76,66,70,37,27,11,10,4,13,0,0,0,0,0,0,0]} 1. d4 e6 2. c4 b6 3. a3 Bb7 4. Nc3 Nf6 5. d5 exd5 6. cxd5 Bd6 {LiveBook: 22 Games} 7. Bg5 {A50: Queen's Fianchetto Defence (1 d4 Nf6 2 c4 b6)} (7. Nf3 O-O 8. g3 Na6 9. Bg2 Nc5 10. b4 Nce4 11. Nxe4 Nxe4 12. Bb2 Qe7 13. O-O f5 14. Qd3 a5 {½-½ (14) Zhigalko,S (2620)-Kovalev,V (2639) Orsha 2018}) 7... h6 8. Bh4 O-O 9. Nf3 {White is slightly better.} Re8 10. e3 c6 11. Bc4 Na6 12. O-O Nc7 $146 {[%cal Rc6d5]} ({Find the theoretical novelty and annotate with similar games:} 12... Nc5 13. b4 Nce4 14. Nxe4 Rxe4 15. dxc6 dxc6 {1-0 (40) Lai,H (2388)-Dijkhuis,T (2414) Netherlands 2017}) 13. Qd4 (13. dxc6 $16 dxc6 14. Qb3) 13... cxd5 {[#] aiming for ...g5.} 14. Bxf6 Qxf6 15. Qxf6 gxf6 16. Ba2 Be5 17. Rac1 d4 (17... Re6 $11) 18. Nxd4 $14 Bxd4 19. exd4 Ne6 20. Bd5 Bc6 21. Bxc6 dxc6 22. Ne4 Nxd4 {The position is equal.} 23. Nxf6+ Kf8 {[#] And now ...Re6 would win.} 24. Nxe8 Ne2+ 25. Kh1 Nxc1 26. Rxc1 {Strongly threatening Nd6.} Rxe8 27. g3 {Precision: White = 43%, Black = 45%.} 1/2-1/2